000 00661nam a2200205Ia 4500
003 GCL
008 140319s9999 xx 000 0 ara d
020 _a289953
040 _aGCL /
_cGCL
082 0 4 _a920.72
_bر م
100 1 _aجورج قاضى
245 1 0 _aالمشوهة :
_bعندما تتحول جريمة عاطفية الى قضية دولة /
_cجورج قاضى
700 1 _aرانيا الباز
250 _aالاولى
260 _aبيروت :
_bدار عويدات للنشر والطباعة ،
_c2006
300 _a183 ص ؛
_c20 سم
650 0 4 _aالنساء - تراجم
650 0 4 _aرانيا الباز
942 _2ddc
_cBK
999 _c8399
_d8399